000 00435nam a2200169Ia 4500
008 131107t2011 xxu||||| |||| 00| 0 sin d
041 _asin
080 _aX8S1
_bTHE
100 _aThenuwara,Amila
245 _aහෝඩි පොතේ මනමාලි
246 _aHodi Pothe Manamali
260 _bGodage
_aColombo
_c2011
300 _b64p., 21 cm
942 _cBK
999 _c77217
_d77217
003 LK-CoDNM
040 _aLK-CoDNM
_dLK-CoDNM
_eLK-CoDNM